01906cam a22003975i 450000100090000000300090000900500170001800800410003502000250007602000220010104000430012308200230016610000380018924503260022725000200055326400470057326400100062030000460063033600260067633700280070233800270073049000300075750000780078750000210086550000240088665000660091065000680097665300340104465300240107865500240110270000390112694200120116599900170117795201700119495201440136417855498EG-ScBUE20250303105641.0130816t2014 nyua f 001 0 eng d a9780071824859 (pbk.) a0071824855 (pbk.) aEG-ScBUEbengerdacEG-ScBUEdEG-ScBUE04a515.35076bBRO2221 aBronson, Richard,938616eauthor.10aSchaum’s outline differential equations /cRichard Bronson, Ph. D., Professor of Mathematics and Computer Science, Fairleigh Dickinson University, Gabriel B. Costa, Ph.D., Professor of Mathematical Sciences, United States Military Academy, Associate Professor of Mathematics and Computer Science, Seton Hall University. aFourth edition. 1aNew York :bMcGraw-Hill Education,c[2014] 4cc2014 axiv, 385 pages :billustrations ;c28 cm. 2rdacontentatextbtxt aunmediated2rdamediabn avolumebnc2rdacarrier0 aSchaum’s outline series a563 Fully solved problems and 20 problems-solving videos online -- cover. aIncludes index.  aIncludes appendix.  7aDifferential equationsvOutlines, syllabi, etc.2BUEsh941316 7aDifferential equationsvProblems, exercises, etc.2BUEsh941317 bENGELCcJune2015cOctober2015 bENGELCcOctober2016 vReading book9342321 aCosta, Gabriel B.,941318eauthor. 2ddccBB c19922d19894 00102ddc40708AlahramaMAINbMAINc1STd2015-06-24ePurchaseg150.00h337l1m3o515.35076 BROp000039112q2023-03-25r2023-02-14 00:00:00s2023-02-14v187.50yBB 00102ddc40708BaccahaMAINbMAINc1STd2016-10-04ePurchaseg160.00l1m5o515.35076 BROp000033797r2025-07-15 00:00:00s2023-02-14yBB